000 00519nam a2200157 4500
999 _c16846
_d16846
008 220411b ||||| |||| 00| 0 eng d
022 _a0117-3308
082 _aDPer 004.1105 C73 Sept 2010 - April 2011 v. 20 n. 3-9
100 _aSchick, Shane.
_945023
245 _aCIOs:
_cfocus on learning not performance goals/
260 _aPhilippines:
_bSchneider Electric,
_c©2010-2011.
300 _av20 n3, page 42:
_billustrations;
_c27 cm.
500 _aComputer world.
650 _aLeadership.
_945024
942 _2ddc
_cPER